Creamos bienestar social : Área de Bienestar Social Área de Bienestar Social
Descripción Física:
[6] p. ; 21 cm
MARC
| LEADER | 00000nam a2200000Ia 4500 | ||
|---|---|---|---|
| 001 | 23101 | ||
| 008 | 160829s2010 xx 000 0 cat d | ||
| 080 | |a FU-59-22 | ||
| 245 | |a Creamos bienestar social : |b Área de Bienestar Social | ||
| 260 | |a Barcelona : |b Diputació de Barcelona. Àrea de Benestar Social, |c 2010 | ||
| 300 | |a [6] p. ; |c 21 cm | ||
| 590 | |a A la coberta: Buenos servicios para los ayuntamientos, más bienestar para la ciudadanía | ||
| 610 | 1 | 0 | |a Barcelona (Catalunya : Província). |b Àrea de Benestar Social |9 52988 |
| 650 | 0 | |a Benestar social |9 31956 | |
| 710 | 1 | |a Barcelona (Catalunya : Província). |b Àrea de Benestar Social |9 52988 | |
| 901 | |a Arxiu | ||
| 942 | |n 1 | ||
| 952 | |0 0 |1 0 |4 0 |6 FU5922 |7 1 |9 51764 |a Arxiu |b Arxiu |d 2016-12-01 |l 0 |o FU-59-22 |p 23101 |r 2016-12-01 00:00:00 |w 2016-12-01 |y ARXIU | ||
| 999 | |c 55610 |d 55610 | ||